đŸŽ¶ Paroles "Quand c'est ?" Stromae - Statistiques

Statistiques générales
  • Ce quiz a Ă©tĂ© pris 318 fois
  • Le rĂ©sultat moyen est 195 sur 219
Statistiques - réponses
Mots % Correct
c'
99%
est,
99%
est
99%
est-
99%
quand
99%
Quand
99%
Ă 
98%
m'
98%
T'
98%
t'
98%
le
97%
tu
96%
ma
95%
oh
95%
Ca
94%
en
93%
qui
92%
Qui
92%
Cancer,
91%
cancer,
91%
cancer
91%
de
91%
Et
91%
mon
91%
par
91%
se
91%
as
90%
mĂšre,
90%
les
89%
pĂšre,
88%
ses
88%
ce
86%
moi
86%
prochain
86%
prochain.
86%
prochain ...
86%
seins
86%
dis-
85%
puis
85%
commencé
84%
poumon
84%
Que
84%
que
84%
du
82%
faire
81%
Mais
80%
mais
80%
on
79%
souviens,
79%
petits
78%
enfants,
77%
aimes
76%
des
76%
ne
75%
voulu
74%
arrĂȘte,
73%
arrĂȘte
73%
bien,
73%
mĂȘme
72%
oui,
71%
ton
71%
connait
70%
rien
69%
Sur
69%
toi,
69%
nous
68%
tue,
66%
vacances
65%
vacances,
65%
pars
64%
cigarettes,
63%
Fumer
63%
innocent
63%
paquets
63%
étonnes
61%
Décidément
60%
f'ra
58%
y
58%
tes
54%
penses
53%
aides.
48%
avances
42%
cesses
39%
Aucun quiz correspondant
Distribution des résultats
% des personnes avec chaque résultat
Percentile par nombre de réponses
Votre historique - résultats
Vous n’avez pas pris ce quiz